000 00509nam a2200157Ia 4500
008 160316s1994 xxu||||| |||| 00| 0 eng d
082 _a362.830000
_bPAU
100 _aPauls Dawn
245 _aThe rights of the girl child in India: A view from the outside looking in
250 _a
260 _aDelhi
_bWomen's Line: Indian Social Institute
_c1994
300 _a6
_b
_c
365 _b
650 _a1. Girl child - development - rights 2. Marriage - dowry - child labour 3. Female foeticide
700 _a
_a
999 _c36614
_d36614